00498nam a2200193Ia 4500003000400000005001700004008004100021020002200062040000700084041000800091082001800099100002100117245003800138260004900176300001500225365001300240650001400253650003700267OSt20230511140543.0210423s2010 xx 000 0 und d a978-93-80472-10-2 cAL aeng a541.0421 VERT aVERGEESE (James) aTextbook of solid state chemistry aNew DelhibPacific Books Internationalc2010 av,251pbHB b795cINR aChemistry aPhysical & Theoretical Chemistry